000
00312nam a22001457a 4500
008
210312b ||||| |||| 00| 0 eng d
020
_a
0893520888
041
_a
eng
080
_a
618
082
_a
618
100
_a
10
101
_a
GJIN
245
_a
Gynecologic Surgery
_c
Uyttenbroeck, F
942
_2
udc
_c
BK
999
_c
56499
_d
56499